000 00579nam a2200241Ia 4500
003 OSt
005 20220924135512.0
006 a|||||r|||| 00| 0
007 ta
008 220923b |||||||| |||| 00| 0 ben d
020 _c2
024 _a291415
037 _cTextual
040 _aARTS
_cARTS
_bben
041 _2ben
_aben
082 _aO155,3N20,1, 157K2
100 _aSate
_9210401
245 0 _aMangala
260 _c1962
650 _aMARATHI LITERATURE
_938000
942 _hO155,3N20,1, 157K2
_cTEXL
_2CC
999 _c440893
_d440893